Statistics for Haikyuu Characters!

Click here to take the quiz!

General Stats

  • This quiz has been taken 439 times
    (385 since last reset)
  • The average score is 40 of 75

Answer Stats

Answer% Correct
Hinata Shoyo
100%
Kageyama Tobio
98%
Tsukishima Kei
98%
Sawamura Daichi
97%
Sugawara Koshi
96%
Kozume Kenma
95%
Kuroo Tetsuro
95%
Nishinoya Yuu
95%
Oikawa Tooru
95%
Yamaguchi Tadashi
95%
Tanaka Ryunosuke
94%
Azumane Asahi
93%
Bokuto Kotaro
93%
Akaashi Keiji
86%
Ushijima Wakatoshi
86%
Iwaizumi Hajime
85%
Miya Atsumu
84%
Miya Osamu
84%
Tendo Satori
83%
Haiba Lev
81%
Aone Takanobu
80%
Ennoshita Chikara
79%
Yaku Morisuke
75%
Suna Rintaro
71%
Narita Kazuhito
70%
Kita Shinsuke
67%
Kindaichi Yutaro
66%
Yamamoto Taketora
66%
Kinoshita Hisashi
65%
Semi Eita
64%
Ojiro Aran
63%
Kai Nobuyuki
61%
Kunimi Akira
61%
Goshiki Tsutomu
59%
Shirabu Kenjiro
57%
Matsukawa Issei
56%
Hanamaki Takahiro
53%
Kyotani Kentaro
53%
Inuoka So
48%
Akakura Kai
47%
Yahaba Shigeru
46%
Futakuchi Kenji
45%
Watari Shinji
45%
Shibata Yu
44%
Konoha Akinori
43%
Koganegawa Kanji
42%
Fukunaga Shohei
41%
Sakusa Kiyoomi
40%
Shibayama Yuki
36%
Ohira Reon
33%
Terushima Yuji
33%
Washio Tatsuki
31%
Kawanishi Taichi
29%
Omimi Ren
28%
Komi Haruki
27%
Yamagata Hayato
24%
Akagi Michinari
23%
Ginjima Hitoshi
23%
Komori Motoya
22%
Onaga Wataru
22%
Teshiro Tamahiko
22%
Hoshiumi Korai
21%
Sarukui Yamato
21%
Daisho Suguru
18%
Sakunami Kosuke
17%
Soekawa Jin
17%
Anahori Shuichi
16%
Riseki Heisuke
15%
Obara Yutaka
14%
Onagawa Taro
13%
Fukiage Jingo
12%
Yunohama
12%
Sagae Yusho
11%
Kosaku Yuto
10%
Hirugami Sachiro
8%

Score Distribution

Percentile by Number Answered

Percent of People with Each Score

Your Score History

You have not taken this quiz since the last reset